| 000 | 01102cam a2200229 i 4500 | ||
|---|---|---|---|
| 001 | 17957017 | ||
| 005 | 20170411112519.0 | ||
| 008 | 131126s2015 mau b 001 0 eng | ||
| 020 | _a9781284028553 (pbk.) | ||
| 020 | _a9781284034165 | ||
| 040 | _cPK-LaUMT | ||
| 082 | 0 | 0 |
_a615.82 _223 _bJEW-G |
| 100 | 1 | _aJewell, Dianne V. | |
| 245 | 1 | 0 |
_aGuide to evidence-based physical therapist practice / _cDianne V. Jewell |
| 250 | _a3rd ed. | ||
| 260 |
_aBurlington : _bJones & Bartlett Learning, _c2015 |
||
| 300 |
_axiv, 434 p. ; _c23 cm |
||
| 520 | _a"This text provides readers with the information and tools needed to understand what constitutes evidence, search efficiently for applicable evidence in the literature, evaluate the findings in the literature, and integrate the evidence with clinical judgment and individual patient preferences and values. Students will learn how evaluate research designs, appraise evidence, and apply research in clinical practice"--Provided by publisher. | ||
| 650 | 1 | 2 | _aPhysical Therapy Modalities. |
| 650 | 2 | 2 |
_aEvidence-Based Practice _xmethods. |
| 942 | _cBK | ||
| 999 |
_c92471 _d92471 |
||